000 00506nam a2200133 a 4500
008 120416s1980 ||||||||||||||||| || u
050 _aHF 5635 Ell
100 _aElliot, B. E
245 1 0 _aBusiness accounting I: explanatory text and integrated workbook
260 _aLondon:
_bHFL [Publishers]
_c1980
300 _aviii, 360p.: ill.
350 _a0.00
995 _D0.00
_FCBU-MAIN LIBRARY (Kitwe)
_H1
_I5.50
_UAVAILABLE
_ZAnnex Low-Usage Collection
999 _c36377
_d36377